[Event "NAYCC U14"]
[Site "Windsor CAN"]
[Date "2016.08.08"]
[Round "3.52"]
[White "Hua, Eugene"]
[Black "Liu, Aristo"]
[Result "0-1"]
[WhiteElo "2140"]
[BlackElo "1914"]
[PlyCount "114"]
[EventDate "2016.08.07"]
[EventType "swiss"]
[EventRounds "9"]
[EventCountry "CAN"]

1. c4 e5 2. g3 Nc6 3. Nc3 Nf6 4. Bg2 Bc5 5. Nf3 O-O 6. O-O a6 7. d3 Ba7 8. Nd5
h6 9. a3 d6 10. b4 Be6 11. Ne1 Rb8 12. Bb2 Nd7 13. Rc1 Nd4 14. e3 Nf5 15. e4
Nd4 16. Nc2 Nxc2 17. Rxc2 c6 18. Nc3 a5 19. Qd2 f6 20. Ne2 axb4 21. axb4 Re8
22. d4 Bf7 23. d5 cxd5 24. cxd5 Qb6 25. Bh3 Nf8 26. Nc1 Nh7 27. Nd3 Ng5 28. Bg2
Bh5 29. Kh1 Nf3 30. Qe2 Nd4 31. Qxh5 Nxc2 32. Bc1 Qb5 33. Rd1 Nxb4 34. Nxb4
Qxb4 35. Bxh6 Re7 36. Qg6 Qa4 37. Rf1 Qe8 38. Qg4 b5 39. Bc1 Bd4 40. Bh3 b4 41.
Qe2 Qb5 42. Qh5 b3 43. Kg1 Qe8 44. Qh4 b2 45. Bf5 g6 46. Qg4 bxc1=Q 47. Rxc1
Kg7 48. h4 Reb7 49. Kg2 Rb2 50. h5 Rxf2+ 51. Kh3 Rxf5 52. Rc7+ Kg8 53. exf5 g5
54. h6 Rc8 55. Rg7+ Kh8 56. Qe2 e4 57. Kg4 Rc3 0-1

[Event "NAYCC U14"]
[Site "Windsor CAN"]
[Date "2016.08.08"]
[Round "3.53"]
[White "Pulfer, Luke"]
[Black "Doknjas, Joshua"]
[Result "1/2-1/2"]
[WhiteElo "1868"]
[BlackElo "2137"]
[PlyCount "66"]
[EventDate "2016.08.07"]
[EventType "swiss"]
[EventRounds "9"]
[EventCountry "CAN"]

1. d4 d5 2. c4 c6 3. Nc3 Nf6 4. e3 e6 5. Nf3 a6 6. c5 b6 7. cxb6 Qxb6 8. Be2 a5
9. O-O Ba6 10. Ne5 Bd6 11. Nd3 Nbd7 12. a3 O-O 13. Rb1 Rab8 14. b3 Qc7 15. h3
Rfc8 16. Na4 Ne4 17. Qc2 Qd8 18. Bb2 Qe7 19. Ra1 c5 20. Ndxc5 Ndxc5 21. dxc5
Nxc5 22. Bxa6 Nxa6 23. Qd3 Nc5 24. Nxc5 Rxc5 25. Rfc1 Rxc1+ 26. Bxc1 Qb7 27.
Rb1 Qb5 28. Qxb5 Rxb5 29. a4 Rb6 30. Bd2 Ra6 31. Kf1 Kf8 32. Ke2 Ke7 33. Kd3
Kd7 1/2-1/2

[Event "NAYCC U14"]
[Site "Windsor CAN"]
[Date "2016.08.08"]
[Round "3.54"]
[White "Cai, Jason"]
[Black "Wang, Ricky"]
[Result "1-0"]
[WhiteElo "1997"]
[BlackElo "1807"]
[PlyCount "93"]
[EventDate "2016.08.07"]
[EventType "swiss"]
[EventRounds "9"]
[EventCountry "CAN"]

1. e4 e5 2. Nf3 Nc6 3. d4 exd4 4. Nxd4 Bc5 5. Nb3 Bb6 6. Nc3 d6 7. Qe2 Nge7 8.
Be3 Be6 9. O-O-O O-O 10. f4 f5 11. g3 Qe8 12. Bg2 Qf7 13. Rhe1 Rfe8 14. Kb1 Kh8
15. h3 Bxe3 16. Qxe3 a5 17. Nd4 Nxd4 18. Qxd4 Nc6 19. Qd2 a4 20. exf5 Qxf5 21.
g4 Qf7 22. f5 Bd7 23. Bd5 Qf8 24. Rf1 Nb4 25. f6 Nxd5 26. Nxd5 Bb5 27. Rf2 Qf7
28. g5 Re5 29. Nc3 Bc6 30. h4 b5 31. a3 Rae8 32. fxg7+ Qxg7 33. Rdf1 R5e7 34.
h5 Qe5 35. g6 Qe3 36. Rf8+ Rxf8 37. Rxf8+ Kg7 38. Rf7+ Kg8 39. Qxe3 Rxe3 40.
Rxc7 Bf3 41. Rxh7 Bg4 42. Kc1 Rh3 43. Ne4 Rh1+ 44. Kd2 Rf1 45. h6 d5 46. Ra7
Rd1+ 47. Kc3 1-0

[Event "NAYCC U14"]
[Site "Windsor CAN"]
[Date "2016.08.08"]
[Round "3.55"]
[White "Liu, Kevin"]
[Black "Zhang, Henry"]
[Result "1/2-1/2"]
[WhiteElo "1802"]
[BlackElo "1957"]
[PlyCount "75"]
[EventDate "2016.08.07"]
[EventType "swiss"]
[EventRounds "9"]
[EventCountry "CAN"]

1. d4 Nf6 2. c4 g6 3. Nc3 d5 4. cxd5 Nxd5 5. g3 Bg7 6. Bg2 Nxc3 7. bxc3 c5 8.
e3 O-O 9. Ne2 Nc6 10. O-O Qa5 11. Bd2 Rd8 12. Qc2 Qc7 13. Rad1 Be6 14. Bc1 Bd5
15. e4 Bc4 16. d5 Na5 17. Rfe1 e6 18. Bf4 Qb6 19. Nc1 Rd7 20. dxe6 Qxe6 21.
Rxd7 Qxd7 22. Rd1 Qe8 23. Be3 b6 24. Nb3 Nc6 25. f4 Rd8 26. Rxd8 Qxd8 27. Bf1
Bxf1 28. Kxf1 Qf6 29. Bd2 Qe6 30. Nc1 Qc4+ 31. Qd3 Qxd3+ 32. Nxd3 c4 33. Nc1
Kf8 34. Ke2 Ke7 35. Ke3 Ke6 36. Ne2 h5 37. Bc1 Bf8 38. Nd4+ 1/2-1/2

[Event "NAYCC U14"]
[Site "Windsor CAN"]
[Date "2016.08.08"]
[Round "3.56"]
[White "Shlionsky, Aaron"]
[Black "Yie, Kevin"]
[Result "1-0"]
[WhiteElo "2204"]
[BlackElo "1760"]
[PlyCount "87"]
[EventDate "2016.08.07"]
[EventType "swiss"]
[EventRounds "9"]
[EventCountry "CAN"]

1. e4 c5 2. Nf3 e6 3. d4 cxd4 4. Nxd4 a6 5. Bd3 Nc6 6. Nxc6 bxc6 7. O-O d5 8.
Nd2 Bc5 9. c4 Ne7 10. Qe2 Bb7 11. Rb1 Ng6 12. Nf3 O-O 13. b4 Be7 14. c5 Re8 15.
e5 Qc8 16. Bg5 Bf8 17. Bd2 a5 18. h4 Be7 19. h5 Nf8 20. h6 g6 21. a3 axb4 22.
axb4 Ba6 23. Nd4 Bxd3 24. Qxd3 Nd7 25. f4 Bf8 26. Rfc1 Qa6 27. Qxa6 Rxa6 28.
Ra1 Rxa1 29. Rxa1 Nb8 30. Ra8 Rd8 31. f5 Be7 32. f6 Bf8 33. Kf1 Kh8 34. Ke2 Kg8
35. Bg5 Kh8 36. Kd3 Kg8 37. Kc2 Rc8 38. Kb3 Rd8 39. Ka4 Rc8 40. Nxc6 Rxc6 41.
Rxb8 Rc7 42. Ka5 d4 43. Kb6 Rd7 44. c6 1-0

[Event "NAYCC U14"]
[Site "Windsor CAN"]
[Date "2016.08.08"]
[Round "3.58"]
[White "Bu, Kevin"]
[Black "Padmanabhan, Karthik"]
[Result "0-1"]
[WhiteElo "1948"]
[BlackElo "1818"]
[PlyCount "106"]
[EventDate "2016.08.07"]
[EventType "swiss"]
[EventRounds "9"]
[EventCountry "CAN"]

1. e4 e5 2. Nf3 Nc6 3. d4 exd4 4. Bc4 Nf6 5. O-O Nxe4 6. Re1 d5 7. Bxd5 Qxd5 8.
Nc3 Qa5 9. Nxe4 Be6 10. Neg5 O-O-O 11. Nxe6 fxe6 12. Rxe6 Bd6 13. Bg5 Rdf8 14.
Bh4 Qh5 15. Bg3 Bxg3 16. hxg3 Rd8 17. Re4 Qd5 18. Qd3 Nb4 19. Qxd4 Qxd4 20.
Nxd4 Rxd4 21. Rxd4 Nxc2 22. Rad1 Nxd4 23. Rxd4 Rd8 24. Rxd8+ Kxd8 25. f4 Ke7
26. g4 Ke6 27. Kf2 h6 28. Ke3 Kd5 29. Kd3 c5 30. g3 b5 31. Ke3 a5 32. Kd3 c4+
33. Ke3 b4 34. b3 c3 35. Kd3 g6 36. Ke3 h5 37. gxh5 gxh5 38. Kd3 Ke6 39. a3 Kf5
40. axb4 axb4 41. Kc2 h4 42. gxh4 Kxf4 43. Kd3 Kg4 44. Kc2 Kxh4 45. Kd3 Kg3 46.
Kc2 Kf2 47. Kd3 c2 48. Kxc2 Ke2 49. Kc1 Kd3 50. Kb2 Kd2 51. Ka1 Kc3 52. Kb1
Kxb3 53. Ka1 Kc2 0-1

[Event "NAYCC U14"]
[Site "Windsor CAN"]
[Date "2016.08.08"]
[Round "3.59"]
[White "Chen, Jacob"]
[Black "Uthayakumar, Ronan"]
[Result "1/2-1/2"]
[WhiteElo "2011"]
[BlackElo "1541"]
[PlyCount "99"]
[EventDate "2016.08.07"]
[EventType "swiss"]
[EventRounds "9"]
[EventCountry "CAN"]

1. e4 c5 2. c3 Nf6 3. e5 Nd5 4. d4 cxd4 5. Nf3 Nc6 6. Bc4 Nb6 7. Bb3 dxc3 8.
Nxc3 g6 9. O-O Bg7 10. Bf4 O-O 11. Qe2 Na5 12. Bc2 Nac4 13. b3 Na5 14. Rac1 Nc6
15. Be4 f6 16. exf6 Bxf6 17. Bh6 Bg7 18. Bxg7 Kxg7 19. Rfd1 d6 20. Nd5 Nxd5 21.
Bxd5 Bd7 22. Qb2+ Rf6 23. Ng5 Ne5 24. Ne4 Rf5 25. Bxb7 Rb8 26. Ba6 h6 27. Bd3
Kh7 28. Bb1 Rf7 29. Ng3 Rb4 30. Rd4 Qb6 31. Rxb4 Qxb4 32. f3 Qb6+ 33. Qf2 Qb7
34. Be4 d5 35. Bb1 Ng4 36. Qc5 Ne5 37. h4 Bf5 38. Nxf5 gxf5 39. Rd1 e6 40. Re1
Qb8 41. Qe3 Ng6 42. h5 Nf8 43. f4 Qb6 44. Qxb6 axb6 45. Kf2 Kg7 46. Rc1 Kf6 47.
Bd3 Nd7 48. b4 e5 49. fxe5+ Nxe5 50. Be2 1/2-1/2

[Event "NAYCC U14"]
[Site "Windsor CAN"]
[Date "2016.08.08"]
[Round "3.60"]
[White "Singireddy, Sathvik"]
[Black "Yaskolko, Maxim"]
[Result "1/2-1/2"]
[WhiteElo "1530"]
[BlackElo "2014"]
[PlyCount "137"]
[EventDate "2016.08.07"]
[EventType "swiss"]
[EventRounds "9"]
[EventCountry "CAN"]

1. e4 c5 2. Nf3 d6 3. Bb5+ Bd7 4. Bxd7+ Qxd7 5. O-O Nc6 6. c3 Nf6 7. Re1 g6 8.
d4 cxd4 9. cxd4 Bg7 10. Nc3 O-O 11. h3 a6 12. Bg5 e6 13. e5 Ne8 14. d5 Nxe5 15.
Nxe5 dxe5 16. d6 f6 17. Be3 Qxd6 18. Qb3 f5 19. Rad1 Qe7 20. Na4 Rc8 21. Nb6
Rc7 22. Re2 Nf6 23. Bg5 h6 24. Bxf6 Bxf6 25. Red2 Re8 26. Rd7 Qc5 27. Nd5 exd5
28. R1xd5 Rxd7 29. Rxc5+ Kf8 30. Qc2 e4 31. Rc7 Rde7 32. Rxe7 Rxe7 33. Kf1 f4
34. Ke2 Kg7 35. g3 fxg3 36. fxg3 e3 37. h4 Bd4 38. h5 gxh5 39. Qf5 Bxb2 40.
Qxh5 Bf6 41. Qg4+ Bg5 42. Qd4+ Kg6 43. Qd6+ Kf7 44. Qd5+ Ke8 45. Qg8+ Kd7 46.
Qd5+ Kc7 47. Qc5+ Kb8 48. Qd6+ Ka7 49. Qd4+ b6 50. Qd5 Rc7 51. Qf5 a5 52. a4
Ka6 53. Qd3+ Ka7 54. Qf5 Rb7 55. g4 Ka6 56. Qd3+ b5 57. Qd6+ Rb6 58. axb5+ Kxb5
59. Qd3+ Ka4 60. Qc4+ Rb4 61. Qa2+ Kb5 62. Qd5+ Ka6 63. Qc6+ Rb6 64. Qa8+ Kb5
65. Qd5+ Kb4 66. Qd4+ Kb5 67. Qd5+ Ka4 68. Qc4+ Rb4 69. Qa2+ 1/2-1/2

[Event "NAYCC U14"]
[Site "Windsor CAN"]
[Date "2016.08.08"]
[Round "3.61"]
[White "Chin, Jonathan"]
[Black "Sivapathasundaram, Manojh"]
[Result "1-0"]
[WhiteElo "1985"]
[BlackElo "1552"]
[PlyCount "67"]
[EventDate "2016.08.07"]
[EventType "swiss"]
[EventRounds "9"]
[EventCountry "CAN"]

1. e4 c5 2. Nf3 d6 3. d4 cxd4 4. Nxd4 Nf6 5. Nc3 g6 6. Be3 Bg7 7. f3 O-O 8. Qd2
Nc6 9. Bc4 Bd7 10. O-O-O Rc8 11. Bb3 Nxd4 12. Bxd4 b5 13. Nd5 Nxd5 14. exd5 a5
15. Bxg7 Kxg7 16. a3 Kg8 17. h4 b4 18. a4 Bf5 19. Kb1 Rc5 20. g4 Bd7 21. h5 Qe8
22. Qh2 f6 23. Rd2 gxh5 24. gxh5 Rf7 25. Rg1+ Kh8 26. Qg3 Rc8 27. Re2 Bxa4 28.
Bxa4 Qxa4 29. Reg2 Qe8 30. Qg4 Rb8 31. Qe6 Rd8 32. h6 Rf8 33. Rg7 Qd7 34. Rg8+
1-0

[Event "NAYCC U14"]
[Site "Windsor CAN"]
[Date "2016.08.08"]
[Round "3.62"]
[White "Liu, Daniel"]
[Black "Dill, James"]
[Result "1-0"]
[WhiteElo "1609"]
[BlackElo "1870"]
[PlyCount "65"]
[EventDate "2016.08.07"]
[EventType "swiss"]
[EventRounds "9"]
[EventCountry "CAN"]

1. e4 e5 2. Nc3 Nf6 3. g3 Nc6 4. Bg2 d6 5. d3 Be7 6. h3 Be6 7. Bg5 h6 8. Bxf6
Bxf6 9. Nge2 g6 10. O-O Bg7 11. Nd5 Qd7 12. Qd2 O-O-O 13. Kh2 Rdf8 14. b4 Ne7
15. c4 f5 16. Rac1 h5 17. Rc2 Kb8 18. a4 Bh6 19. Qc3 h4 20. b5 b6 21. a5 Nc8
22. Nb4 Ne7 23. Ra1 hxg3+ 24. fxg3 fxe4 25. axb6 cxb6 26. Na6+ Kc8 27. c5 dxc5
28. Nxc5 bxc5 29. Qxc5+ Kd8 30. Rxa7 Qxa7 31. Qxa7 exd3 32. Qb6+ Ke8 33. Qxe6
1-0

[Event "NAYCC U14"]
[Site "Windsor CAN"]
[Date "2016.08.08"]
[Round "3.63"]
[White "Guan, Zi Yu"]
[Black "Pan, David"]
[Result "0-1"]
[WhiteElo "1513"]
[BlackElo "1854"]
[PlyCount "84"]
[EventDate "2016.08.07"]
[EventType "swiss"]
[EventRounds "9"]
[EventCountry "CAN"]

1. e4 e5 2. Nf3 Nc6 3. d4 exd4 4. Nxd4 Bc5 5. Nxc6 bxc6 6. Nc3 d6 7. Bc4 Nf6 8.
h3 Qe7 9. O-O O-O 10. Qf3 Be6 11. Bd3 Nd7 12. Be3 Bxe3 13. Qxe3 c5 14. Nd5 Bxd5
15. exd5 Qxe3 16. fxe3 Rab8 17. b3 Rfe8 18. e4 Ne5 19. Be2 Rb4 20. c4 a5 21.
Bd1 f6 22. Bc2 a4 23. Rf4 Ra8 24. a3 axb3 25. Bxb3 Rxb3 26. a4 Ra5 27. Rff1 Rb4
28. Rfb1 Nxc4 29. Rxb4 cxb4 30. Rc1 Rc5 31. Rb1 Nb6 32. Rxb4 Rc4 33. Rxc4 Nxc4
34. Kf2 Kf7 35. Ke2 Ke7 36. Kd3 Na5 37. Kc3 Kd7 38. Kb4 Nb7 39. Kb5 Kc8 40. a5
Nc5 41. a6 Kb8 42. a7+ Kxa7 0-1

[Event "NAYCC U14"]
[Site "Windsor CAN"]
[Date "2016.08.08"]
[Round "3.64"]
[White "Liu, Lambert"]
[Black "Le, Collin"]
[Result "0-1"]
[WhiteElo "1827"]
[BlackElo "1540"]
[PlyCount "64"]
[EventDate "2016.08.07"]
[EventType "swiss"]
[EventRounds "9"]
[EventCountry "CAN"]

1. e4 c5 2. Nf3 d6 3. d4 cxd4 4. Nxd4 Nf6 5. Nc3 g6 6. Be3 Bg7 7. f3 O-O 8. Qd2
Nc6 9. O-O-O d5 10. Kb1 e6 11. g4 Na5 12. g5 Nh5 13. exd5 exd5 14. b3 Nc6 15.
Nce2 Re8 16. Nxc6 bxc6 17. Ng3 Nxg3 18. hxg3 a5 19. Bc5 a4 20. Qh2 h5 21. gxh6
Bf6 22. Bd3 Qa5 23. b4 Rb8 24. Kc1 Rxb4 25. Bxb4 Qxb4 26. h7+ Kh8 27. c3 Bxc3
28. Rdg1 Re3 29. Qc2 Rxd3 30. Qe2 Bd2+ 31. Kc2 Qc4+ 32. Kb1 Rb3+ 0-1

[Event "NAYCC U14"]
[Site "Windsor CAN"]
[Date "2016.08.08"]
[Round "3.65"]
[White "Surya, Benito"]
[Black "Atanasov, David"]
[Result "1-0"]
[WhiteElo "1814"]
[BlackElo "1518"]
[PlyCount "83"]
[EventDate "2016.08.07"]
[EventType "swiss"]
[EventRounds "9"]
[EventCountry "CAN"]

1. e4 c5 2. Ne2 d6 3. g3 Nf6 4. Bg2 e6 5. c3 Be7 6. O-O O-O 7. d4 Nbd7 8. h3
Rb8 9. g4 Nb6 10. f4 d5 11. e5 Ne8 12. g5 Qc7 13. Ng3 g6 14. Nd2 cxd4 15. cxd4
Nc4 16. Nxc4 Qxc4 17. Be3 Qb5 18. b3 Ba3 19. Nh1 Qc6 20. Qf3 Qc3 21. Nf2 Qb4
22. Ng4 Bb2 23. Rad1 Qc3 24. Qg3 Ng7 25. Qh4 Nh5 26. Rf3 Qc2 27. Rdf1 Qf5 28.
Nh6+ Kg7 29. Nxf5+ exf5 30. R3f2 Ba3 31. Bf3 Be7 32. Bxh5 gxh5 33. Qxh5 Be6 34.
Rg2 Rfc8 35. Qh6+ Kg8 36. g6 fxg6 37. Rxg6+ hxg6 38. Qxg6+ Kf8 39. Qxe6 Rd8 40.
Kh1 Rbc8 41. Rg1 b5 42. Rg8# 1-0

[Event "NAYCC U14"]
[Site "Windsor CAN"]
[Date "2016.08.08"]
[Round "3.66"]
[White "Wilson, Kameron"]
[Black "Ling, Evan"]
[Result "0-1"]
[WhiteElo "1439"]
[BlackElo "1776"]
[PlyCount "82"]
[EventDate "2016.08.07"]
[EventType "swiss"]
[EventRounds "9"]
[EventCountry "CAN"]

1. c4 f5 2. g3 Nf6 3. Bg2 g6 4. Nc3 Bg7 5. e3 O-O 6. d4 d6 7. Nge2 c6 8. Rb1 e5
9. d5 c5 10. a3 e4 11. O-O Ng4 12. h3 Ne5 13. Qb3 Nbd7 14. Qa2 g5 15. Nb5 Nb6
16. b3 Nd3 17. Bd2 a6 18. Nbc3 Nd7 19. f4 exf3 20. Bxf3 Qe8 21. Qc2 N3e5 22.
Bg2 Qg6 23. Rf2 Rb8 24. Rbf1 Nf6 25. Nd1 Bd7 26. Bc3 Rbe8 27. Bd2 Qh5 28. Ndc3
Kh8 29. Na4 Nfg4 30. hxg4 Nxg4 31. Bf3 f4 32. Bxg4 Qxg4 33. Rf3 Bf5 34. Qc1 Be4
35. R3f2 f3 36. Bc3 Bxc3 37. Naxc3 Rf5 38. Nxe4 Rxe4 39. Nc3 Qxg3+ 40. Kh1 Rh4+
41. Rh2 Qg2# 0-1

[Event "NAYCC U14"]
[Site "Windsor CAN"]
[Date "2016.08.08"]
[Round "3.67"]
[White "Gaisinsky, Adam"]
[Black "Zaid, Shahmeer"]
[Result "1-0"]
[WhiteElo "1721"]
[BlackElo "820"]
[PlyCount "89"]
[EventDate "2016.08.07"]
[EventType "swiss"]
[EventRounds "9"]
[EventCountry "CAN"]

1. e4 e5 2. Nf3 Nc6 3. Bb5 Nf6 4. O-O Bc5 5. c3 O-O 6. d4 a6 7. Bxc6 dxc6 8.
dxc5 Qxd1 9. Rxd1 Nxe4 10. Nxe5 Nxc5 11. Be3 Ne4 12. Nd2 Nxd2 13. Rxd2 Re8 14.
Nf3 Bf5 15. Rad1 h6 16. Bf4 Rac8 17. Nd4 Bg6 18. Nb3 Bf5 19. f3 g5 20. Bg3 b6
21. Nd4 Bd7 22. Nb5 cxb5 23. Rxd7 c6 24. Kf2 f5 25. Bc7 Ra8 26. Rd8 Raxd8 27.
Rxd8 Rxd8 28. Bxd8 Kf7 29. Bxb6 Ke6 30. Ke3 Ke5 31. Bd4+ Kd5 32. g4 f4+ 33. Kd3
c5 34. Bg7 c4+ 35. Ke2 Ke6 36. Bxh6 Kf6 37. h4 gxh4 38. Bxf4 Kg6 39. Kf2 a5 40.
Kg2 a4 41. Kh3 b4 42. cxb4 a3 43. bxa3 c3 44. b5 c2 45. b6 1-0

[Event "NAYCC U14"]
[Site "Windsor CAN"]
[Date "2016.08.08"]
[Round "3.68"]
[White "Zhang, Zhehai"]
[Black "Jasniewicz, Adam"]
[Result "1-0"]
[WhiteElo "1678"]
[BlackElo "807"]
[PlyCount "53"]
[EventDate "2016.08.07"]
[EventType "swiss"]
[EventRounds "9"]
[EventCountry "CAN"]

1. e4 e5 2. Nf3 Nc6 3. Bc4 Bc5 4. O-O Nf6 5. d3 O-O 6. c3 d6 7. Bb3 b6 8. Nbd2
Ba6 9. Bc2 d5 10. b4 Be7 11. Re1 d4 12. cxd4 exd4 13. a3 b5 14. Bb2 Nh5 15. Nb3
Bf6 16. e5 Be7 17. Nbxd4 Nxd4 18. Nxd4 Re8 19. Qxh5 c5 20. Nc6 Qc7 21. Nxe7+
Rxe7 22. bxc5 Qxc5 23. Bb3 g6 24. Qf3 Bb7 25. Qf6 Rae8 26. e6 Bd5 27. Qg7# 1-0

[Event "NAYCC U14"]
[Site "Windsor CAN"]
[Date "2016.08.08"]
[Round "3.69"]
[White "Hou, Frank"]
[Black "Hawthorn, Charles"]
[Result "0-1"]
[WhiteElo "1295"]
[BlackElo "1666"]
[PlyCount "84"]
[EventDate "2016.08.07"]
[EventType "swiss"]
[EventRounds "9"]
[EventCountry "CAN"]

1. e4 c5 2. Nf3 Nc6 3. Nc3 g6 4. Be2 Bg7 5. O-O d6 6. d3 Nf6 7. h3 O-O 8. Be3
e5 9. Nd5 Nxd5 10. exd5 Ne7 11. c4 f5 12. Bg5 h6 13. Bxe7 Qxe7 14. Qd2 g5 15.
Nh2 Qf6 16. b3 Bd7 17. Rae1 Qg6 18. f3 h5 19. g3 Rac8 20. Bd1 Bh6 21. g4 hxg4
22. fxg4 Bg7 23. Bf3 e4 24. dxe4 fxe4 25. Bg2 e3 26. Rxf8+ Rxf8 27. Qd1 Bd4 28.
Kh1 Rf2 29. Re2 Qf6 30. Nf3 Rxf3 31. Bxf3 Qxf3+ 32. Kg1 Qg3+ 33. Kf1 Qxh3+ 34.
Rg2 Qh1+ 35. Ke2 Qxg2+ 36. Kd3 Qd2+ 37. Qxd2 exd2 38. Kxd2 Bxg4 39. Ke1 Bh3 40.
Ke2 g4 41. a3 g3 42. Kf3 g2 0-1

[Event "NAYCC U14"]
[Site "Windsor CAN"]
[Date "2016.08.08"]
[Round "3.70"]
[White "Li, Eric M"]
[Black "Mathews, Joshua"]
[Result "0-1"]
[WhiteElo "1658"]
[BlackElo "1446"]
[PlyCount "56"]
[EventDate "2016.08.07"]
[EventType "swiss"]
[EventRounds "9"]
[EventCountry "CAN"]

1. d4 Nf6 2. Nf3 g6 3. Bf4 d6 4. e3 Bg7 5. Bd3 O-O 6. h3 Nbd7 7. O-O c5 8. c3
Re8 9. Bh2 e5 10. dxe5 dxe5 11. e4 b6 12. Nbd2 Bb7 13. Re1 a6 14. Nc4 Qc7 15.
Qc2 b5 16. Ncd2 c4 17. Bf1 Nc5 18. Bxe5 Rxe5 19. Nxe5 Qxe5 20. f3 Nh5 21. Rad1
Qg3 22. f4 Nxf4 23. Kh1 Ncd3 24. Re2 Nxe2 25. Bxe2 Nf2+ 26. Kg1 Nxh3+ 27. Kh1
Nf2+ 28. Kg1 Nxd1 0-1

[Event "NAYCC U14"]
[Site "Windsor CAN"]
[Date "2016.08.08"]
[Round "3.72"]
[White "Cui, Kevin"]
[Black "Harichandrabose, Vicknan"]
[Result "0-1"]
[WhiteElo "1204"]
[BlackElo "1210"]
[PlyCount "100"]
[EventDate "2016.08.07"]
[EventType "swiss"]
[EventRounds "9"]
[EventCountry "CAN"]

1. e4 e6 2. d4 d5 3. e5 c5 4. Nf3 Nc6 5. c3 Bd7 6. Be3 Qb6 7. Qc2 O-O-O 8. Bd3
h6 9. Nbd2 f6 10. O-O Kb8 11. exf6 Nxf6 12. dxc5 Bxc5 13. Bxc5 Qxc5 14. b4 Qb6
15. a4 Rc8 16. Rfb1 Qc7 17. a5 e5 18. Bf1 e4 19. Ne1 Ng4 20. g3 h5 21. h3 Nf6
22. Nb3 Nxb4 23. cxb4 Qxc2 24. Nxc2 Rxc2 25. b5 h4 26. g4 g5 27. Rc1 Rhc8 28.
Rxc2 Rxc2 29. Rc1 Rxc1 30. Nxc1 Kc7 31. Nb3 Kd6 32. a6 b6 33. Kg2 Ke5 34. f3 e3
35. Bd3 Be6 36. Bf5 Bxf5 37. gxf5 d4 38. Kf1 d3 39. Ke1 Kd5 40. Kd1 Kc4 41. Nc1
Kc3 42. Na2+ Kc4 43. Nc1 Nd5 44. Na2 Kxb5 45. Nc1 Nc3+ 46. Ke1 d2+ 47. Kf1
dxc1=Q+ 48. Kg2 Qd2+ 49. Kh1 Qe1+ 50. Kg2 Qf2+ 0-1

[Event "NAYCC U14"]
[Site "Windsor CAN"]
[Date "2016.08.08"]
[Round "3.73"]
[White "Titus, Joshua"]
[Black "Liang, Hairan"]
[Result "0-1"]
[WhiteElo "1155"]
[BlackElo "2002"]
[PlyCount "96"]
[EventDate "2016.08.07"]
[EventType "swiss"]
[EventRounds "9"]
[EventCountry "CAN"]

1. d4 Nf6 2. c4 e6 3. Nc3 Bb4 4. Bg5 h6 5. Bh4 c5 6. Nf3 cxd4 7. Qxd4 Nc6 8.
Qd1 Qa5 9. Bxf6 gxf6 10. Qc2 b6 11. a3 Bxc3+ 12. Qxc3 Qxc3+ 13. bxc3 Ba6 14. e3
Na5 15. Nd2 Rc8 16. Ra2 Bxc4 17. Bxc4 Nxc4 18. Nxc4 Rxc4 19. Rc2 Ra4 20. Ra2
Ke7 21. O-O Rc8 22. Rc1 a5 23. g3 Rac4 24. Rac2 b5 25. Kf1 b4 26. axb4 axb4 27.
Ke2 bxc3 28. Kd3 e5 29. Rxc3 e4+ 30. Kd2 Rxc3 31. Rxc3 Rxc3 32. Kxc3 f5 33. Kd4
Ke6 34. g4 fxg4 35. Kxe4 f5+ 36. Kf4 d5 37. f3 h5 38. fxg4 hxg4 39. Kg3 Ke5 40.
Kf2 f4 41. Ke2 f3+ 42. Kd3 Kf5 43. Kd2 Ke4 44. Kd1 Kxe3 45. Ke1 f2+ 46. Kf1 Kf3
47. h4 g3 48. h5 g2# 0-1

[Event "NAYCC U14"]
[Site "Windsor CAN"]
[Date "2016.08.08"]
[Round "3.74"]
[White "Li, Yang"]
[Black "Baker, Vincent"]
[Result "0-1"]
[WhiteElo "1119"]
[BlackElo "1994"]
[PlyCount "62"]
[EventDate "2016.08.07"]
[EventType "swiss"]
[EventRounds "9"]
[EventCountry "CAN"]

1. e4 c5 2. Nf3 Nc6 3. Bb5 g6 4. Bxc6 bxc6 5. O-O Bg7 6. Nc3 d5 7. exd5 cxd5 8.
d4 cxd4 9. Nxd4 Nf6 10. Nf3 O-O 11. Bg5 e6 12. Re1 Bb7 13. Qd2 Qb6 14. Rab1
Rac8 15. Qe3 Qa5 16. b4 Qa6 17. Rb3 Ng4 18. Qd2 Qc4 19. h3 Bxc3 20. Rxc3 Qxc3
21. Qxc3 Rxc3 22. hxg4 Rxc2 23. a4 Rfc8 24. Rb1 Ra2 25. a5 Rcc2 26. Be3 a6 27.
Bd4 Rc4 28. b5 Rxa5 29. bxa6 Bxa6 30. Rb8+ Rc8 31. Rxc8+ Bxc8 0-1

[Event "NAYCC U14"]
[Site "Windsor CAN"]
[Date "2016.08.08"]
[Round "3.75"]
[White "Tamayo, Santiago"]
[Black "Butchart, Brian"]
[Result "0-1"]
[WhiteElo "1386"]
[BlackElo "1177"]
[PlyCount "54"]
[EventDate "2016.08.07"]
[EventType "swiss"]
[EventRounds "9"]
[EventCountry "CAN"]

1. d4 Nf6 2. c4 g6 3. Nc3 Bg7 4. e4 d6 5. Nf3 O-O 6. Be2 Nbd7 7. O-O e5 8. h3
Ne8 9. d5 f5 10. Ng5 Ndf6 11. exf5 gxf5 12. Nf3 Kh8 13. Bg5 Rg8 14. Nh2 h6 15.
Bh4 Qe7 16. Bh5 Bd7 17. Qf3 Bf8 18. Bxe8 Rxe8 19. g3 a6 20. Ne4 Bg7 21. Nxf6
Bxf6 22. Bxf6+ Qxf6 23. Rfe1 Re7 24. Kf1 Reg7 25. Ng4 Qg6 26. Ne3 f4 27. gxf4
Qd3+ 0-1

[Event "NAYCC U14"]
[Site "Windsor CAN"]
[Date "2016.08.08"]
[Round "3.76"]
[White "Liu, Benjamin"]
[Black "Gaur, Shivan"]
[Result "0-1"]
[WhiteElo "982"]
[BlackElo "1294"]
[PlyCount "48"]
[EventDate "2016.08.07"]
[EventType "swiss"]
[EventRounds "9"]
[EventCountry "CAN"]

1. d4 Nf6 2. c4 e6 3. Nf3 b6 4. g3 Bb7 5. Bg2 Be7 6. O-O c5 7. Nbd2 cxd4 8.
Nxd4 Bxg2 9. Kxg2 O-O 10. e4 d5 11. cxd5 exd5 12. e5 Nfd7 13. N4f3 Nc6 14. Re1
Nc5 15. Nb3 Qd7 16. Bf4 Ne6 17. Rc1 Nxf4+ 18. gxf4 Rac8 19. Kh1 Rfd8 20. Nfd4
Nxd4 21. Qxd4 h6 22. Rg1 Rc4 23. Rxc4 dxc4 24. Qxc4 Qb7+ 0-1

[Event "NAYCC U14"]
[Site "Windsor CAN"]
[Date "2016.08.09"]
[Round "4.57"]
[White "Liu, Aristo"]
[Black "Cai, Jason"]
[Result "1/2-1/2"]
[WhiteElo "1914"]
[BlackElo "1997"]
[PlyCount "69"]
[EventDate "2016.08.07"]
[EventType "swiss"]
[EventRounds "9"]
[EventCountry "CAN"]

1. e4 e6 2. d4 d5 3. exd5 exd5 4. Nf3 Nc6 5. h3 Bf5 6. Be3 Bd6 7. c4 dxc4 8.
Bxc4 Nb4 9. Na3 Ne7 10. O-O c6 11. Qb3 O-O 12. Ne5 Bg6 13. Rfd1 a5 14. Nxg6
hxg6 15. Rd2 Nf5 16. Qd1 Qh4 17. Nc2 Nxc2 18. Rxc2 Rae8 19. Rc3 Re4 20. Rd3
Rfe8 21. Qf3 b5 22. Bb3 a4 23. Bc2 Nxd4 24. Rxd4 Rxd4 25. g3 Bxg3 26. fxg3 Qd8
27. Rf1 Rd7 28. Be4 Rde7 29. Bxc6 Rxe3 30. Qxf7+ Kh7 31. Bxe8 Rxe8 32. Qf2 Qd5
33. a3 Re4 34. Qg2 Qe5 35. Rf2 1/2-1/2

[Event "NAYCC U14"]
[Site "Windsor CAN"]
[Date "2016.08.09"]
[Round "4.58"]
[White "Padmanabhan, Karthik"]
[Black "Shlionsky, Aaron"]
[Result "0-1"]
[WhiteElo "1818"]
[BlackElo "2204"]
[PlyCount "104"]
[EventDate "2016.08.07"]
[EventType "swiss"]
[EventRounds "9"]
[EventCountry "CAN"]

1. e4 e5 2. Nf3 Nc6 3. Bc4 Bc5 4. c3 Nf6 5. d3 d6 6. O-O a6 7. Bb3 O-O 8. h3 h6
9. Nbd2 Ba7 10. Re1 Re8 11. Nf1 Be6 12. N3h2 d5 13. Qf3 dxe4 14. dxe4 Qe7 15.
Ng3 Bxb3 16. axb3 Qe6 17. Nf5 Ne7 18. b4 Nxf5 19. exf5 Qd5 20. Be3 e4 21. Qg3
Bxe3 22. fxe3 Qe5 23. Qxe5 Rxe5 24. g4 Rd5 25. Rad1 c6 26. Nf1 Kf8 27. Ng3 Rad8
28. Rxd5 Rxd5 29. Kf2 Ke7 30. Ke2 Rb5 31. Ra1 c5 32. Ra5 cxb4 33. Rxb5 axb5 34.
cxb4 Kd6 35. Kd2 Ke5 36. Ne2 Nd5 37. Nd4 Nxb4 38. Nxb5 Nd3 39. Ke2 Nxb2 40. Nd4
Nc4 41. Nb5 Nd6 42. Nd4 b5 43. Kf2 Kd5 44. Kg3 b4 45. Kf4 f6 46. Kg3 Kc4 47.
Kf2 b3 48. Ke2 b2 49. Nc2 Kb3 50. Nd4+ Ka4 51. Kd2 b1=Q 52. Ne2 Qd3+ 0-1